Обзор методов измерения влажности древесины; Современные техника и технологии; Т. 1

Bibliografske podrobnosti
Parent link:Современные техника и технологии: сборник трудов XVI Международной научно-практической конференции студентов, аспирантов и молодых ученых, Томск, 12-16 апреля 2010 г/ Национальный исследовательский Томский политехнический университет (ТПУ).— , 2010
Т. 1.— 2010.— [С. 252-254]
Glavni avtor: Пущин И. А.
Drugi avtorji: Миляев Д. В. Дмитрий Васильевич (научный руководитель), Миляев Д. В.
Izvleček:Заглавие с титульного листа
Электронная версия печатной публикации
Jezik:ruščina
Izdano: 2010
Teme:
Online dostop:http://www.lib.tpu.ru/fulltext/v/Conferences/2010/K04/104127.pdf
Format: Elektronski Book Chapter
KOHA link:https://koha.lib.tpu.ru/cgi-bin/koha/opac-detail.pl?biblionumber=227378

MARC

LEADER 00000nla2a2200000 4500
001 227378
005 20231031201333.0
035 |a (RuTPU)RU\TPU\book\247805 
035 |a RU\TPU\book\247801 
090 |a 227378 
100 |a 20121206d2010 k y0rusy50 ca 
101 0 |a rus 
102 |a RU 
105 |a y z 101zy 
135 |a drnn ---uucaa 
181 0 |a i  
182 0 |a b 
200 1 |a Обзор методов измерения влажности древесины  |b Электронный ресурс  |f И. А. Пущин, Д. В. Миляев  |g науч. рук. Д. В. Миляев 
203 |a Текст  |c электронный 
215 |a 1 файл (295 Кб) 
230 |a Электронные текстовые данные (1 файл : 295 Кб) 
300 |a Заглавие с титульного листа 
300 |a Электронная версия печатной публикации 
337 |a Adobe Reader 
461 0 |0 (RuTPU)RU\TPU\book\245271  |t Современные техника и технологии  |o сборник трудов XVI Международной научно-практической конференции студентов, аспирантов и молодых ученых, Томск, 12-16 апреля 2010 г  |o в 3 т.  |f Национальный исследовательский Томский политехнический университет (ТПУ)  |d 2010 
463 0 |0 (RuTPU)RU\TPU\book\245275  |t Т. 1  |v [С. 252-254]  |d 2010  |p [511 с.] 
610 1 |a влажность 
610 1 |a влагоемкость 
610 1 |a определение 
610 1 |a древесина 
610 1 |a методы измерения 
610 1 |a электронный ресурс 
610 1 |a труды учёных ТПУ 
700 1 |a Пущин  |b И. А. 
701 1 |a Миляев  |b Д. В.  |c российский учёный в области информационно-измерительной техники  |c доцент Томского политехнического университета, кандидат технических наук  |f 1940-  |g Дмитрий Васильевич  |2 stltpush  |3 (RuTPU)RU\TPU\pers\26529 
702 1 |a Миляев  |b Д. В.  |4 727 
801 1 |a RU  |b 63413507  |c 20121116 
801 2 |a RU  |b 63413507  |c 20130425  |g RCR 
856 4 |u http://www.lib.tpu.ru/fulltext/v/Conferences/2010/K04/104127.pdf 
942 |c CF